Statistics for Lyrics to Adele's "Set Fire to the Rain"

Click here to take the quiz!

General Stats

  • This quiz has been taken 1,844 times
    (1,764 since last reset)
  • The average score is 250 of 338

Answer Stats

Lyrics% Correct
I
99%
the
99%
The
99%
a
98%
to
98%
To
98%
fire
97%
It
96%
it
96%
rain
96%
set
96%
You
96%
you
96%
and
92%
And
92%
your
90%
Your
90%
My
88%
my
88%
as
84%
But
84%
let
83%
Let
83%
was
82%
heart
81%
that
81%
That
81%
in
80%
knew
80%
fall
79%
were
79%
we're
79%
burn
78%
never
78%
face
77%
me
77%
there
77%
always
74%
over
74%
They
74%
they
74%
play
73%
All
72%
games
72%
side
71%
things
71%
true
71%
Watched
71%
win
71%
kissed
70%
lips
70%
there's
70%
would
70%
dark
68%
knees
68%
out
67%
saved
67%
far
66%
hands
66%
touched
66%
pour
65%
weak
65%
fell
64%
name
64%
say
64%
Until
64%
with
64%
arms
63%
claim
63%
Cause
62%
strong
62%
when
62%
When
62%
feet
61%
stand
60%
falling
59%
be
58%
for
58%
rose
57%
you'd
57%
Without
56%
screaming
55%
time
55%
last
53%
heard
52%
cried
51%
burned
49%
they're
44%
Well
43%
while
42%
nothing
41%
stay
41%
Close
40%
eyes
40%
forever
40%
better
39%
could
35%
Feel
35%
into
35%
together
34%
flames
33%
by
31%
here
31%
lay
31%
up
31%
can't
30%
us
30%
door
29%
Sometimes
29%
something
28%
waiting
28%
Even
27%
felt
27%
wake
27%
already
26%
looking
26%
from
25%
myself
25%
now
25%
help
24%
threw
24%
gets
23%
died
22%
must
21%
caught
12%
sign
12%

Score Distribution

Percentile by Number Answered

Percent of People with Each Score

Your Score History

You have not taken this quiz since the last reset